000 00533nam a2200193Ia 4500
005 20260120124626.0
008 008 260114s9999 xx 000 0 eng d
020 _a9780762311910
037 _aEBOOK
040 _aCRL
_beng
_cCRL
041 _aeng
_2eng
084 _qCRL
245 0 _aEntrepreneurship
260 _bEmerald Publishing
_c2005
700 _aLisa A. Keister
_9908530
856 _uhttps://www.emerald.com/insight/publication/doi/10.1016/S0277-2833(2005)15
942 _cEBOOK
999 _c1500425
_d1500425